| 000 | 01419cam a2200217 4500 | ||
|---|---|---|---|
| 001 | ##L132501 | ||
| 008 | 060213n2006 000 0 eng u | ||
| 035 | _a(Sirsi) u132501 | ||
| 041 | 0 | _aeng | |
| 050 | 0 | 4 | _a630 $2 18 |
| 110 | 1 |
_aRoyal Institution of Chartered Surveyors _bPublic Affairs _94679 |
|
| 245 | 0 | 0 |
_aRICS rural land market survey Great Britain _bfourth quarter 2005 |
| 260 |
_aLondon _bRICS _c2006 |
||
| 490 | 0 |
_aRICS Rural Land Market Survey Great Britain _vFourth Quarter 2005 |
|
| 520 | _aShows farmland values declining by 0.9% in the fourth quarter 2005, now down by 4.6% on year ago levels. The weighted average farmland price fell to £9 370 per hectare, down from a revised third quarter £9454, the fourth consecutive quarter of decline. The number of sales dropped to 259 in 2005, down for the third year in a row. Demand for commercial farmland fell for the second consecutive quarter. Rents on average decreased by 3% in 2005 , having fallen by 2% in 2004. The demand for residential farmland has also lessened more than that for commercial farmland. | ||
| 590 | _aIKA140206 | ||
| 650 | 2 | 4 | _aRICS RURAL LAND MARKET SURVEY GREAT BRITAIN |
| 690 | _aPROPERTY-RURAL AND NATURAL ASSETS-RURAL AND NATURAL ASSET MARKET | ||
| 856 | 4 | 0 |
_uhttps://www.rics.org/profession-standards/knowledge-and-information-services/document-delivery-and-o _zemail [email protected] to request a copy |
| 942 | _n0 | ||
| 999 |
_c105160 _d105160 |
||